00521nam a2200193 a 4500001001300000003000900013005001700022008004100039020000900080082001500089100002900104245002900133260004300162300000900205500003500214505002500249650002400274700002900298nice12345678IN_TiNIC20260116012814.0050524s1982 dela grp 000 0 eng  ac5000a297.4bABD aAbdur Rahman, Sabahuddin aAmir Khusrau as a Genius aDelhibIdarah-I Adabiyat-I Dellic1982 a120p aincludes index and biblioraphy2 aBibliography, Index. aSufism-Amir Khusrau1 aAbdur Rahman, Sabahuddin